[Event "Elit(Farsta-Burgsvik)"]
[Site "?"]
[Date "2014.01.17"]
[Round "5"]
[White "Andersson, Tommy"]
[Black "Sammalvuo, Tapani"]
[Result "1/2-1/2"]
[WhiteElo "2416"]
[BlackElo "2523"]
[PlyCount "108"]
[SourceDate "2014.01.22"]

1. d4 Nf6 2. c4 e6 3. Nf3 b6 4. g3 Ba6 5. Qa4 Bb7 6. Bg2 c5 7. dxc5 bxc5 8. O-O
Be7 9. Nc3 Qb6 10. Rd1 O-O 11. Qb5 Rd8 12. Qxb6 axb6 13. b3 Ne4 14. Nxe4 Bxe4
15. Bb2 Nc6 16. Ne5 Bxg2 17. Kxg2 Nxe5 18. Bxe5 d6 19. Bc3 d5 20. cxd5 exd5 21.
e3 b5 22. a3 f5 23. Bb2 g5 24. Kf3 Kf7 25. g4 fxg4+ 26. Kxg4 Ke6 27. f3 Rf8 28.
Rf1 Rf5 29. Kg3 c4 30. e4 dxe4 31. Rae1 Bd6+ 32. Kg2 cxb3 33. Rxe4+ Kf7 34. Rd1
Rc8 35. Rxd6 Rc2+ 36. Kg3 Rxb2 37. Rb4 Rb1 38. Rd3 b2 39. Kg2 Kg6 40. Rdb3 Ra1
41. Rxb2 Rxa3 42. Rxb5 Rfxf3 43. Rf2 Rfc3 44. Rbb2 Rc4 45. Rf3 Ra6 46. Rfb3 Ra1
47. Rb6+ Kh5 48. R6b3 Rg4+ 49. Rg3 Rh4 50. Rc2 h6 51. Rb2 Ra6 52. Rh3 Rxh3 53.
Kxh3 Ra3+ 54. Kg2 Kh4 1/2-1/2

[Event "Elit(Farsta-Burgsvik)"]
[Site "?"]
[Date "2014.01.17"]
[Round "5"]
[White "Livner, Anders"]
[Black "Fries Nielsen, Jens Ove"]
[Result "0-1"]
[WhiteElo "2399"]
[BlackElo "2486"]
[PlyCount "48"]
[SourceDate "2014.01.23"]

1. Nf3 Nf6 2. d4 e6 3. c4 Bb4+ 4. Nc3 Ne4 5. Qb3 c5 6. Nd2 Bxc3 7. bxc3 Nxd2 8.
Bxd2 d6 9. dxc5 dxc5 10. Qb5+ Nd7 11. g3 a6 12. Qb3 b6 13. Bg2 Ra7 14. O-O Bb7
15. Bxb7 Rxb7 16. Rfd1 Qa8 17. Be3 O-O 18. Rd6 Rc7 19. Rad1 Qb7 20. Qa4 Nf6 21.
Rb1 Qe4 22. Rdxb6 Nd5 23. Rb8 Rcc8 24. Rxc8 Qxb1+ 0-1

[Event "Elit(Farsta-Burgsvik)"]
[Site "?"]
[Date "2014.01.17"]
[Round "5"]
[White "Fries Nielsen, Niels J"]
[Black "von Bahr, Oskar"]
[Result "1/2-1/2"]
[WhiteElo "2411"]
[BlackElo "2368"]
[PlyCount "35"]

1. e4 e5 2. Nf3 Nc6 3. d3 g6 4. c3 Bg7 5. Na3 Nf6 6. Be2 d5 7. Bg5 h6 8. Bxf6
Bxf6 9. Qb3 d4 10. O-O O-O 11. Rac1 g5 12. h3 dxc3 13. bxc3 Ne7 14. d4 Ng6 15.
dxe5 Bxe5 16. Nxe5 Nxe5 17. Nc2 Qf6 18. Ne3 1/2-1/2

[Event "Elit(Farsta-Burgsvik)"]
[Site "?"]
[Date "2014.01.17"]
[Round "5"]
[White "Ernst, Thomas"]
[Black "Larsson, Victor"]
[Result "1-0"]
[WhiteElo "2356"]
[BlackElo "2249"]
[PlyCount "29"]

1. e4 c5 2. Nf3 Nc6 3. d4 cxd4 4. Nxd4 g6 5. c4 Bg7 6. Be3 Nf6 7. Nc3 O-O 8.
Be2 b6 9. O-O Bb7 10. f3 Qb8 11. Qd2 Rd8 12. Rad1 d6 13. Nxc6 Bxc6 14. Nd5 e6
15. Ne7+ 1-0

[Event "Elit(Farsta-Burgsvik)"]
[Site "?"]
[Date "2014.01.17"]
[Round "5"]
[White "Krupenski, Juri"]
[Black "Hjelm, Niclas"]
[Result "1/2-1/2"]
[WhiteElo "2357"]
[BlackElo "2376"]
[PlyCount "136"]

1. d4 d5 2. c4 c6 3. Nf3 Nf6 4. Nbd2 Bf5 5. Nh4 Be4 6. f3 Bg6 7. Nxg6 hxg6 8.
g3 Qc7 9. Kf2 e5 10. e3 Nbd7 11. Kg2 exd4 12. exd4 Be7 13. c5 b6 14. cxb6 axb6
15. Nb1 Nf8 16. Nc3 Ne6 17. Be3 O-O 18. a4 c5 19. Nb5 Qb7 20. Bd3 Rfe8 21. Re1
Qd7 22. Qd2 Rac8 23. Bf2 c4 24. Bc2 Bf8 25. Re5 Nc7 26. Nxc7 Qxc7 27. Rae1 Bd6
28. Rxe8+ Rxe8 29. Be3 Qe7 30. Bf2 Qc7 31. Re2 Kf8 32. Rxe8+ Kxe8 33. Qg5 Qe7
34. Kf1 Kf8 35. Qh4 Kg8 36. Qh3 Qd7 37. Qh4 b5 38. Qg5 bxa4 39. Kg2 Qb5 40. Qe3
Qxb2 41. Bxa4 Qa3 42. Qxa3 Bxa3 43. Be3 Bb2 44. Kf1 Kf8 45. Ke2 Bc3 46. Bg5 Nh7
47. Bd8 Bxd4 48. Bc6 Bf6 49. Bb6 d4 50. Bb5 c3 51. Bc5+ Kg8 52. h4 g5 53. h5
Nf8 54. Bxf8 Kxf8 55. g4 Ke7 56. Bd3 Kd6 57. Be4 Kc5 58. Bd3 Kb4 59. Kd1 Kb3
60. Bc2+ Kb2 61. Bd3 Be5 62. Bc2 Bf4 63. Bd3 Kb3 64. Bc2+ Kc4 65. Ke2 Be3 66.
Bd3+ Kb3 67. Kd1 Kb2 68. Bc2 Bf4 1/2-1/2

[Event "Elit(Farsta-Burgsvik)"]
[Site "?"]
[Date "2014.01.17"]
[Round "5"]
[White "Lissang, Christopher"]
[Black "Tuvesson, Mats"]
[Result "0-1"]
[WhiteElo "2285"]
[BlackElo "2209"]
[PlyCount "152"]

1. d4 Nf6 2. c4 c5 3. d5 b5 4. cxb5 a6 5. bxa6 Bxa6 6. Nc3 g6 7. e4 Bxf1 8.
Kxf1 d6 9. Nf3 Bg7 10. g3 O-O 11. Kg2 Nbd7 12. Qe2 Qa5 13. Bd2 Rfb8 14. b3 Qa6
15. Qxa6 Rxa6 16. Rab1 Ne8 17. a4 Nc7 18. Na2 f5 19. exf5 gxf5 20. Nh4 Rf8 21.
a5 Nxd5 22. Rhd1 Ne5 23. Be1 e6 24. b4 cxb4 25. Nxb4 Nxb4 26. Bxb4 Rd8 27. Be1
Nc4 28. Rb5 Rda8 29. Nf3 d5 30. Rdb1 Bf6 31. Rb8+ Rxb8 32. Rxb8+ Kg7 33. Rb7+
Kg6 34. Rb5 Kf7 35. h4 Bd8 36. Rb7+ Kg6 37. Bc3 Bxa5 38. Bd4 Bb6 39. Rd7 Bxd4
40. Nxd4 Ne5 41. Rc7 Kf6 42. Rxh7 Nf7 43. h5 Ra4 44. Nf3 d4 45. Kf1 d3 46.
Rxf7+ Kxf7 47. Ne5+ Kf6 48. Nxd3 Kg5 49. Nf4 Ra6 50. Kg2 Kh6 51. Kf3 e5 52. Ng6
Ra3+ 53. Kg2 Ra5 54. Ne7 e4 55. Ng6 Kxh5 56. Nf4+ Kg4 57. Ng6 Rb5 58. Nf4 Rb2
59. Nd5 Kg5 60. Ne3 Rd2 61. Nf1 Re2 62. Kg1 Kf6 63. Ne3 Kg5 64. Nf1 Kg4 65. Kg2
f4 66. gxf4 Kxf4 67. Ng3 Ra2 68. Nf1 Ra1 69. Ne3 Ra2 70. Nf1 Ke5 71. Kg1 Kd4
72. Kg2 Kd3 73. Kg1 Ke2 74. Kg2 Ke1 75. Ng3 Rxf2+ 76. Kg1 e3 0-1

[Event "Elit(Farsta-Burgsvik)"]
[Site "?"]
[Date "2014.01.17"]
[Round "5"]
[White "Andersson, Bjorn"]
[Black "Ong, Kezli"]
[Result "1-0"]
[WhiteElo "2290"]
[BlackElo "2294"]
[PlyCount "89"]

1. e4 e5 2. Nf3 Nc6 3. Bb5 a6 4. Ba4 Nf6 5. Qe2 Be7 6. d3 b5 7. Bb3 d6 8. c3
O-O 9. Bg5 Nh5 10. Be3 g6 11. Bd5 Bb7 12. Nbd2 Na5 13. Bxb7 Nxb7 14. h4 Qd7 15.
Nf1 f5 16. Bh6 Nf4 17. Bxf4 exf4 18. O-O-O fxe4 19. dxe4 Qe6 20. Kb1 Nc5 21.
N1d2 Qg4 22. Nb3 Nxb3 23. axb3 Rae8 24. h5 Bf6 25. hxg6 hxg6 26. Qd3 Kg7 27.
Nd2 Rh8 28. Rhg1 Rh2 29. Nf3 Rh5 30. Rde1 Re7 31. g3 Be5 32. Nxe5 Rexe5 33. f3
Qg5 34. gxf4 Qxf4 35. Rg4 Qf6 36. f4 Re6 37. Reg1 Kf7 38. Qf3 Rh6 39. f5 gxf5
40. exf5 Re5 41. Rg6 Qh4 42. Ka2 d5 43. R1g4 Qh1 44. Qf4 Re1 45. Qxc7+ 1-0

[Event "Elit(Farsta-Burgsvik)"]
[Site "?"]
[Date "2014.01.17"]
[Round "5"]
[White "Jaderberg, Bjorn"]
[Black "Linusson, Pelle"]
[Result "0-1"]
[WhiteElo "2207"]
[BlackElo "2204"]
[PlyCount "122"]
[EventDate "2014.??.??"]

1. d4 Nf6 2. Nc3 d5 3. Bg5 h6 4. Bxf6 exf6 5. e3 Be6 6. Bd3 c5 7. dxc5 Bxc5 8.
Nge2 O-O 9. O-O Bd6 10. Nf4 Bxf4 11. exf4 f5 12. Qh5 Qf6 13. Rfe1 Nc6 14. a3
Rad8 15. Ne2 Kh7 16. b4 g6 17. Qf3 d4 18. Ng3 Bd5 19. Qe2 a6 20. Qd2 Qd6 21.
Rab1 b5 22. Re2 h5 23. h3 h4 24. Nf1 Rg8 25. Nh2 Qf8 26. Rbe1 Kh8 27. Re5 Nxe5
28. fxe5 Qg7 29. Qg5 Rge8 30. Qxh4+ Kg8 31. f4 Qh8 32. Qg3 Kf8 33. Nf3 Bxf3 34.
Qxf3 Qh4 35. Re2 Kg7 36. Kh2 Re6 37. g3 Qe7 38. Rg2 Rh8 39. g4 fxg4 40. Rxg4
Qc7 41. Qe4 Rd8 42. Kg3 Qc6 43. Qxc6 Rxc6 44. f5 Rc3 45. e6 fxe6 46. Rxg6+ Kf7
47. fxe6+ Ke7 48. Rg7+ Kxe6 49. Rg6+ Ke5 50. Rxa6 Rg8+ 51. Kf2 Rh8 52. Kg2 Rg8+
53. Kf2 Rh8 54. Ra5 Rxh3 55. Rxb5+ Kd6 56. a4 Rh2+ 57. Ke1 Ra3 58. Be2 Re3 59.
Rc5 Rexe2+ 60. Kd1 Reg2 61. Kc1 d3 0-1

[Event "Elit(Eksjo-Orgryte)"]
[Site "?"]
[Date "2014.01.18"]
[Round "4"]
[White "Gajic, Mladen"]
[Black "Carlsson, Pontus"]
[Result "1/2-1/2"]
[WhiteElo "2309"]
[BlackElo "2597"]
[PlyCount "101"]
[SourceDate "2014.01.18"]

1. e4 c5 2. c3 d5 3. exd5 Qxd5 4. d4 g6 5. Nf3 Bg7 6. Na3 Nf6 7. Bc4 Qe4+ 8.
Be3 O-O 9. h3 cxd4 10. Qxd4 Bf5 11. O-O Nc6 12. Qxe4 Bxe4 13. Ng5 Bd5 14. Be2
Rfd8 15. Rfd1 Rac8 16. c4 Be4 17. Rxd8+ Rxd8 18. Rd1 Rxd1+ 19. Bxd1 Bd3 20. b3
Nd7 21. Bc2 Nde5 22. f4 Bxc2 23. Nxc2 Nd3 24. Kf1 Bb2 25. g3 e5 26. Ke2 exf4
27. Kxd3 fxe3 28. Nf3 f5 29. Kxe3 Kf7 30. Ke2 Kf6 31. Nfe1 g5 32. Nd3 Be5 33.
Kf2 h5 34. Ne3 Bd4 35. Ke2 Ke6 36. g4 fxg4 37. hxg4 Bxe3 38. Kxe3 hxg4 39. Nc5+
Ke5 40. Nxb7 Nb4 41. Nd8 a6 42. Nf7+ Kf6 43. Nh6 g3 44. a3 Nc2+ 45. Kf3 Ke5 46.
Nf7+ Kd4 47. Nxg5 Nxa3 48. Ne6+ Kc3 49. Nc5 Nxc4 50. Nxa6 Kxb3 51. Kxg3 1/2-1/2

[Event "Elit(Eksjo-Orgryte)"]
[Site "?"]
[Date "2014.01.18"]
[Round "4"]
[White "Bejtovic, Jasmin"]
[Black "Frisk Kockum, Anton"]
[Result "1-0"]
[WhiteElo "2459"]
[BlackElo "2425"]
[PlyCount "71"]

1. e4 e6 2. d3 d5 3. Nd2 c5 4. Ngf3 Nf6 5. g3 Nc6 6. Bg2 Be7 7. O-O b6 8. Re1
Bb7 9. c3 h6 10. a3 Qc7 11. b4 O-O 12. e5 Nd7 13. d4 cxd4 14. cxd4 b5 15. Bf1
a5 16. bxa5 Qxa5 17. Nb3 Qb6 18. Bd3 b4 19. a4 Ba6 20. Bb1 Rfc8 21. Be3 Na5 22.
Nxa5 Qxa5 23. Nd2 Rc3 24. Qg4 Kf8 25. Bh7 g5 26. h4 Kg7 27. hxg5 Kxh7 28. g6+
fxg6 29. Qxe6 Qd8 30. Qf7+ Kh8 31. Bxh6 Bf8 32. Bxf8 Qxf8 33. Qxd7 Qh6 34. Kg2
Bc8 35. Qe8+ Kh7 36. Qf7+ 1-0

[Event "Elit(Eksjo-Orgryte)"]
[Site "?"]
[Date "2014.01.18"]
[Round "4"]
[White "Kumar, Rahul"]
[Black "Rasmussen, Allan Stig"]
[Result "0-1"]
[WhiteElo "2245"]
[BlackElo "2572"]
[PlyCount "126"]
[EventDate "2014.??.??"]

1. e4 c6 2. d4 d5 3. e5 Bf5 4. Nf3 e6 5. Nc3 a6 6. Be3 Nd7 7. Bd3 Bg4 8. Ne2 c5
9. c3 Ne7 10. h3 Bxf3 11. gxf3 Ng6 12. f4 Nh4 13. Ng3 g6 14. O-O Be7 15. Qe2
O-O 16. f5 exf5 17. Bh6 Re8 18. Qe3 cxd4 19. cxd4 Qb6 20. Kh1 Nf8 21. Rg1 Ne6
22. Bxf5 Qxd4 23. Bxe6 Qxe3 24. Bxf7+ Kxf7 25. Bxe3 Nf3 26. Rgd1 Ke6 27. Ne2
Kxe5 28. Rd3 Nh4 29. Rad1 Rad8 30. Bd4+ Ke6 31. Bb6 Rd6 32. Nf4+ Kf7 33. Nxd5
Bd8 34. Bc5 Rd7 35. Ne3 Rxd3 36. Rxd3 Be7 37. Bb6 Rc8 38. Ng2 Nf5 39. Ne3 Rc1+
40. Nd1 Ke6 41. Kg2 Ra1 42. a3 Rb1 43. Ba7 Bf6 44. Rd2 Bg5 45. Rd3 Bc1 46. Rb3
Bf4 47. Rd3 Be5 48. b3 b5 49. Bc5 a5 50. Kf3 Rc1 51. Bb6 a4 52. Ne3 Ne7 53. Ba5
Nc6 54. Bd2 Rh1 55. bxa4 bxa4 56. Ke4 Rxh3 57. f4 Bd6 58. Rc3 Na5 59. Be1 Nb3
60. Rc6 Nc5+ 61. Kd4 Kd7 62. Kd5 Ne4 63. Bd2 Nf6+ 0-1

[Event "Elit(Eksjo-Orgryte)"]
[Site "?"]
[Date "2014.01.18"]
[Round "4"]
[White "Mikkelsen, Nikolaj"]
[Black "Ziegler, Ari"]
[Result "1-0"]
[WhiteElo "2467"]
[BlackElo "2353"]
[PlyCount "79"]
[EventDate "2014.??.??"]

1. e4 e6 2. d4 d5 3. Nd2 Nf6 4. e5 Nfd7 5. c3 c5 6. Bd3 Nc6 7. Ngf3 cxd4 8.
cxd4 g6 9. h4 h6 10. Bb1 Qb6 11. Nb3 a5 12. a4 Bb4+ 13. Kf1 Qc7 14. g3 Nb6 15.
Bf4 Nc4 16. Qe2 b6 17. Nc1 Ba6 18. Bd3 Qa7 19. Kg2 Be7 20. b3 Na3 21. Bxa6 Qxa6
22. Qb2 b5 23. Rxa3 Bxa3 24. Qxa3 Nb4 25. Bd2 O-O 26. Bxb4 axb4 27. Qxb4 bxa4
28. bxa4 Qxa4 29. Qd2 Kg7 30. Nd3 Qa3 31. Nc5 Qa2 32. Qf4 Qc2 33. h5 Qf5 34.
hxg6 Qxf4 35. gxf4 Kxg6 36. Nd7 Rh8 37. Rh3 Kf5 38. Nf6 h5 39. Rg3 Kxf4 40. Ng1
1-0

[Event "Elit(Eksjo-Orgryte)"]
[Site "?"]
[Date "2014.01.18"]
[Round "4"]
[White "Arnelind, Mikael"]
[Black "Malesevic, Nedeljko"]
[Result "1/2-1/2"]
[WhiteElo "2229"]
[BlackElo "2336"]
[PlyCount "179"]
[EventDate "2014.??.??"]

1. d4 d5 2. c4 e6 3. Nc3 Nf6 4. cxd5 exd5 5. Bg5 Be7 6. e3 O-O 7. Qc2 h6 8. Bh4
Be6 9. Bd3 Nbd7 10. Nf3 Ne8 11. Bxe7 Qxe7 12. O-O c6 13. b4 Nd6 14. a4 Rac8 15.
Rfb1 Bg4 16. Nd2 Qg5 17. Qa2 Nf5 18. Nf1 Nh4 19. f4 Qf6 20. b5 Bf5 21. Bxf5
Nxf5 22. bxc6 bxc6 23. Rb7 Rfd8 24. Qf2 a5 25. Rab1 Nd6 26. R7b3 Qe6 27. Ng3
Re8 28. Nd1 c5 29. f5 Qf6 30. Nc3 cxd4 31. exd4 Qg5 32. Nxd5 Rc1+ 33. Nf1 Rxb1
34. Rxb1 Qxf5 35. Qxf5 Nxf5 36. Rb5 Nxd4 37. Rxa5 Re2 38. Ra8+ Kh7 39. a5 Ne5
40. a6 Ra2 41. Nb4 Ra4 42. Rb8 Ne6 43. Ne3 Nd7 44. Rb7 Nec5 45. Rb5 Nxa6 46.
Nbd5 Nac5 47. h3 Ra2 48. Kh2 Rd2 49. Ra5 Rd3 50. Kg1 f5 51. Kf2 Rd2+ 52. Ke1
Rb2 53. Ra7 Nd3+ 54. Kf1 N7c5 55. Kg1 f4 56. Nf5 Rb7 57. Rxb7 Nxb7 58. Kf1 Kg6
59. Nd4 Nbc5 60. Ke2 Kg5 61. Nf3+ Kf5 62. Ne7+ Ke6 63. Nc6 Kf6 64. Ncd4 g5 65.
Nd2 Ne5 66. Kf2 Ng6 67. N2f3 Ne4+ 68. Kf1 Ne7 69. Ke2 Nd5 70. Kf1 Ne3+ 71. Kg1
h5 72. Ne2 Ng3 73. Ned4 g4 74. hxg4 hxg4 75. Nd2 Ke5 76. Nc6+ Kd5 77. Ne7+ Kd4
78. Ng6 Kd3 79. Nb3 Ne2+ 80. Kf2 Nd1+ 81. Ke1 Ndc3 82. Kf2 Ne4+ 83. Ke1 Ke3 84.
Ne5 Nf6 85. Nc4+ Kd3 86. Ne5+ Ke3 87. Nc4+ Kd3 88. Ne5+ Ke4 89. Nxg4 Nxg4 90.
Kxe2 1/2-1/2

[Event "Elit(Eksjo-Orgryte)"]
[Site "?"]
[Date "2014.01.18"]
[Round "4"]
[White "Vernersson, Per"]
[Black "Eksmyr, Johan"]
[Result "1-0"]
[WhiteElo "2409"]
[BlackElo "2205"]
[PlyCount "137"]
[EventDate "2014.??.??"]

1. d4 Nf6 2. c4 g6 3. Nc3 d5 4. Nf3 Bg7 5. Bg5 Ne4 6. cxd5 Nxg5 7. Nxg5 e6 8.
Nf3 exd5 9. e3 a5 10. Bd3 c6 11. a3 Be6 12. O-O Nd7 13. h3 O-O 14. Rc1 Qe7 15.
Na4 f6 16. Re1 Rfd8 17. Nd2 Qd6 18. Qc2 Rac8 19. Nf3 Bf7 20. Qd2 Ra8 21. Rc2
Bf8 22. Rec1 Qb8 23. g3 b5 24. Nc3 Nb6 25. Qd1 Nc4 26. Nb1 Bd6 27. b3 Nxa3 28.
Rxc6 Nxb1 29. Rxb1 Be8 30. Rc2 Qb7 31. Kg2 Rdc8 32. Ng1 Rxc2 33. Qxc2 Rc8 34.
Qd1 Qc7 35. Ne2 a4 36. bxa4 bxa4 37. Rc1 Qb7 38. Nc3 a3 39. Rb1 Qa8 40. Na2 Rb8
41. Qc2 Rxb1 42. Qxb1 Qb8 43. Qxb8 Bxb8 44. Bc2 Bf7 45. Bb3 Kf8 46. Nb4 Bd6 47.
Nxd5 Bb4 48. Ba2 Bxd5+ 49. Bxd5 Ke7 50. Kf3 Kd6 51. Bc4 Kc6 52. e4 Bc3 53. Ke3
Be1 54. e5 fxe5 55. dxe5 Kc5 56. Ba2 Kc6 57. Ke2 Bc3 58. f4 h5 59. Kd3 Be1 60.
g4 hxg4 61. hxg4 Bg3 62. Ke4 Kd7 63. f5 gxf5+ 64. gxf5 Be1 65. f6 Bc3 66. Bf7
Bb4 67. Bc4 Bc3 68. e6+ Kd8 69. e7+ 1-0

[Event "Elit(Eksjo-Orgryte)"]
[Site "?"]
[Date "2014.01.18"]
[Round "4"]
[White "Fransson, Patrick"]
[Black "Krantz, Christopher"]
[Result "1-0"]
[WhiteElo "2198"]
[BlackElo "2313"]
[PlyCount "65"]
[EventDate "2014.??.??"]

1. d4 e6 2. Bf4 Nf6 3. e3 d5 4. Nd2 c5 5. c3 Nc6 6. Bd3 Bd6 7. Bg5 b6 8. f4 Bb7
9. Ngf3 Qc7 10. Ne5 O-O-O 11. Bb5 h6 12. Bh4 Rdf8 13. Qa4 Bxe5 14. fxe5 Nd7 15.
Bg3 Ndb8 16. O-O a6 17. Be2 Ne7 18. Bg4 Qd7 19. Qc2 cxd4 20. cxd4+ Nbc6 21. Qb3
Kc7 22. Rac1 Nc8 23. e4 dxe4 24. Nxe4 Qxd4+ 25. Bf2 Qxe4 26. Bf3 Qg6 27. Rc3 b5
28. Rfc1 N8e7 29. Qb4 Nd5 30. Qd6+ Kc8 31. Rxc6+ Bxc6 32. Rxc6+ Kb7 33. Qd7+
1-0

[Event "Elit(Eksjo-Orgryte)"]
[Site "?"]
[Date "2014.01.18"]
[Round "4"]
[White "Ornstein, Axel"]
[Black "Fransson, Percy"]
[Result "1-0"]
[WhiteElo "2324"]
[BlackElo "2208"]
[PlyCount "81"]
[EventDate "2014.??.??"]

1. Nf3 Nf6 2. c4 g6 3. Nc3 Bg7 4. g3 O-O 5. Bg2 d6 6. d4 Nc6 7. O-O a6 8. d5
Na5 9. Nd2 c5 10. Rb1 Rb8 11. b3 b5 12. Qc2 bxc4 13. bxc4 Rxb1 14. Ncxb1 Bd7
15. Bb2 Qc7 16. Na3 Rb8 17. Rb1 Ne8 18. Bxg7 Nxg7 19. Rxb8+ Qxb8 20. Qc3 Qb6
21. Be4 Ne8 22. Nc2 Nf6 23. Bd3 Ba4 24. Ne1 Qb4 25. Qxb4 cxb4 26. Bc2 Bxc2 27.
Nxc2 Nd7 28. Nxb4 Nb6 29. Nxa6 Naxc4 30. Nxc4 Nxc4 31. Nc7 Kg7 32. f4 Kf6 33.
Kf2 e6 34. e4 exd5 35. Nxd5+ Ke6 36. Ke2 f5 37. Ne3 Nb6 38. exf5+ gxf5 39. Kd3
Nd7 40. Kc4 Nb8 41. Nc2 1-0

[Event "Elit(Vasteras-Farsta)"]
[Site "?"]
[Date "2014.01.18"]
[Round "4"]
[White "Sammalvuo, Tapani"]
[Black "Sjodahl, Pontus"]
[Result "1-0"]
[WhiteElo "2523"]
[BlackElo "2488"]
[PlyCount "63"]
[SourceDate "2014.01.23"]

1. d4 Nf6 2. c4 e6 3. Nf3 d5 4. g3 dxc4 5. Bg2 Bb4+ 6. Bd2 a5 7. O-O c6 8. Bxb4
axb4 9. Ne5 O-O 10. Nxc4 Qe7 11. Qb3 Nfd7 12. Nbd2 Na6 13. Qe3 Re8 14. Ne4 Nc7
15. Rfd1 Rd8 16. Qb3 Na6 17. e3 Rf8 18. Ned6 Rb8 19. Rac1 Nf6 20. e4 Bd7 21. e5
Nd5 22. Na5 Bc8 23. Bf1 Ra8 24. Bd3 Nb8 25. Nac4 Nd7 26. Be4 f6 27. f4 Ra7 28.
Bxd5 exd5 29. Ne3 Ra8 30. Qxb4 Rxa2 31. Nef5 Qe6 32. Nxc8 1-0

[Event "Elit(Vasteras-Farsta)"]
[Site "?"]
[Date "2014.01.18"]
[Round "4"]
[White "Akesson, Ralf"]
[Black "Livner, Anders"]
[Result "1/2-1/2"]
[WhiteElo "2438"]
[BlackElo "2399"]
[PlyCount "103"]

1. d4 d5 2. c4 c6 3. Nf3 Nf6 4. e3 Bg4 5. Qb3 Qb6 6. Ne5 Bf5 7. cxd5 Qxb3 8.
axb3 Nxd5 9. Bd2 Nd7 10. Nxd7 Kxd7 11. Na3 e6 12. f3 Nb6 13. Nc4 Nxc4 14. bxc4
Bg6 15. Bc3 a6 16. Be2 Bd6 17. Kf2 f6 18. b4 e5 19. c5 Bc7 20. Bc4 exd4 21.
exd4 Rad8 22. d5 cxd5 23. Bxd5 Kc8 24. Rhd1 Be8 25. Rd4 Bd7 26. Rad1 Bc6 27.
Be6+ Kb8 28. Rxd8+ Rxd8 29. Rxd8+ Bxd8 30. h4 Be7 31. g4 h6 32. Kg3 a5 33. bxa5
Bxc5 34. f4 Bd6 35. h5 Kc7 36. Bd2 Kd8 37. Kh4 Ke8 38. g5 fxg5+ 39. fxg5 Be7
40. Kg4 hxg5 41. Kf5 Kf8 42. Bxg5 Bxg5 43. Kxg5 Bf3 44. Bc8 Kf7 45. Kf4 Bxh5
46. Bxb7 Be2 47. Ke3 Bf1 48. Kd4 Ke7 49. Kc5 Kd8 50. Kb6 g5 51. a6 Bxa6 52.
Kxa6 1/2-1/2

[Event "Elit(Vasteras-Farsta)"]
[Site "?"]
[Date "2014.01.18"]
[Round "4"]
[White "Ernst, Thomas"]
[Black "Eriksson, Anders"]
[Result "1-0"]
[WhiteElo "2356"]
[BlackElo "2352"]
[PlyCount "79"]

1. e4 c6 2. d4 d5 3. Nd2 dxe4 4. Nxe4 Nd7 5. Ng5 Ngf6 6. Bd3 e6 7. N1f3 Bd6 8.
Qe2 h6 9. Ne4 Nxe4 10. Qxe4 Nf6 11. Qe2 b6 12. Bd2 Bb7 13. O-O-O Qc7 14. Ne5
O-O-O 15. f4 c5 16. dxc5 Bxc5 17. Kb1 Rhe8 18. Rhf1 Nd5 19. Be4 f6 20. Nd3 f5
21. Nxc5 bxc5 22. Bd3 Nf6 23. Bc3 Ne4 24. Be5 Qe7 25. Ba6 Rd5 26. Qb5 Bxa6 27.
Qc6+ Kd8 28. Qxa6 Qd7 29. Kc1 Ke7 30. Rxd5 exd5 31. Qg6 Kf8 32. Rd1 d4 33. g4
Nf2 34. Re1 Rd8 35. Bd6+ Qxd6 36. Re8+ Rxe8 37. Qxd6+ Kg8 38. Qd5+ Kh8 39. gxf5
Re3 40. b4 1-0

[Event "Elit(Vasteras-Farsta)"]
[Site "?"]
[Date "2014.01.18"]
[Round "4"]
[White "Norberg, Johan"]
[Black "Hjelm, Niclas"]
[Result "0-1"]
[WhiteElo "2365"]
[BlackElo "2376"]
[PlyCount "118"]

1. e4 e5 2. Nf3 Nc6 3. Nc3 Nf6 4. Bb5 Bb4 5. O-O O-O 6. Nd5 Nxd5 7. exd5 Nd4 8.
Nxd4 exd4 9. Qf3 Be7 10. Qf4 Bc5 11. d3 a6 12. Bc4 d6 13. Bd2 Bb6 14. Rae1 Re8
15. h4 Bd7 16. h5 h6 17. f3 Rxe1 18. Rxe1 Qf8 19. g4 Re8 20. Kg2 Rxe1 21. Bxe1
Qe7 22. Bf2 Qg5 23. Kg3 Qxf4+ 24. Kxf4 c5 25. dxc6 Bxc6 26. Bb3 Bc5 27. a4 a5
28. Bh4 Kf8 29. Kg3 Ke8 30. f4 Bb4 31. Kf2 Bd2 32. Bg3 Bc1 33. f5 Ke7 34. Ke2
Bxb2 35. Bh4+ f6 36. Be1 b6 37. Bd2 Ba3 38. c4 dxc3 39. Bxc3 d5 40. d4 Bc1 41.
Kf3 Kd6 42. Be1 Kd7 43. Bc2 Ba3 44. Ke3 Bd6 45. Bc3 Kc7 46. Kd2 Kb7 47. Bb3 Ka6
48. Kc2 b5 49. axb5+ Kxb5 50. Bd2 a4 51. Ba2 Bb7 52. Bc3 Kc6 53. Kd2 Ba6 54.
Ke3 Ba3 55. Kd2 Bf1 56. Ke3 Bc1+ 57. Kf2 Bc4 58. Bb1 a3 59. Kf3 Kb5 0-1

[Event "Elit(Vasteras-Farsta)"]
[Site "?"]
[Date "2014.01.18"]
[Round "4"]
[White "Lissang, Christopher"]
[Black "Orndahl, Markus"]
[Result "1-0"]
[WhiteElo "2285"]
[BlackElo "2251"]
[PlyCount "87"]
[EventDate "2014.??.??"]

1. d4 Nf6 2. c4 c5 3. d5 b5 4. cxb5 a6 5. bxa6 g6 6. Nc3 Bxa6 7. e4 Bxf1 8.
Kxf1 d6 9. g3 Bg7 10. Kg2 O-O 11. Nf3 Nbd7 12. a4 Qb6 13. Qe2 Rfb8 14. Bd2 Qb3
15. Rhb1 Nb6 16. Ra3 Qc4 17. Qe1 Qb4 18. e5 Ne8 19. Bf4 Nc4 20. Ra2 Qb3 21. a5
Nc7 22. Raa1 Na6 23. exd6 exd6 24. Nd2 Nxd2 25. Qxd2 Rd8 26. Na4 Qb7 27. Nb6
Ra7 28. Rd1 Nb4 29. Ra4 Qa6 30. b3 Re7 31. Nc4 Re4 32. Rxb4 cxb4 33. Qxb4 Bf8
34. Qb6 Qa8 35. Qc6 Qb8 36. Nb6 Rb4 37. Bg5 Rxb3 38. Bxd8 Qxd8 39. Rd4 f5 40.
Rc4 Qe7 41. Qd7 Qxd7 42. Nxd7 Bg7 43. Ra4 Rb7 44. a6 1-0

[Event "Elit(Vasteras-Farsta)"]
[Site "?"]
[Date "2014.01.18"]
[Round "4"]
[White "Bergstrom, Peter"]
[Black "Jaderberg, Bjorn"]
[Result "1/2-1/2"]
[WhiteElo "2332"]
[BlackElo "2207"]
[PlyCount "109"]
[SourceDate "2014.01.24"]

1. e4 g6 2. d4 Bg7 3. Nc3 a6 4. Be3 d6 5. Qd2 Nd7 6. f3 b5 7. h4 h5 8. Nh3 Nb6
9. Ng5 Nf6 10. Bd3 e6 11. O-O-O Qe7 12. Rhf1 d5 13. Rde1 Bb7 14. Bf4 b4 15.
Nxd5 Nbxd5 16. exd5 Bxd5 17. Be5 O-O 18. Kb1 a5 19. Qf4 Ra7 20. g4 a4 21. Bxf6
Qxf6 22. Qxf6 Bxf6 23. gxh5 Bxg5 24. hxg5 gxh5 25. Re2 Kg7 26. Rh2 Rh8 27. Rh4
a3 28. b3 Raa8 29. Kc1 Rad8 30. Kd2 f6 31. gxf6+ Kxf6 32. Rg1 Rdf8 33. f4 Rh6
34. Rg5 Ke7 35. Ke3 Kd6 36. Be4 Rfh8 37. Bd3 Rc8 38. Kd2 Rhh8 39. c3 bxc3+ 40.
Kxc3 c5 41. dxc5+ Rxc5+ 42. Kb4 Ra8 43. Rhxh5 Rc7 44. Rh7 Rb8+ 45. Kxa3 Rc3 46.
Bg6 Rf3 47. Bc2 Rf2 48. Bb1 Ra8+ 49. Kb4 Rxf4+ 50. Kc3 Rc8+ 51. Kb2 Rf2+ 52.
Ka3 Ra8+ 53. Kb4 Rf4+ 54. Kc3 Rc8+ 55. Kb2 1/2-1/2

[Event "Elit(Vasteras-Farsta)"]
[Site "?"]
[Date "2014.01.18"]
[Round "4"]
[White "Svensk, Ingemar"]
[Black "Norberg, Erik"]
[Result "1/2-1/2"]
[WhiteElo "2249"]
[BlackElo "2246"]
[PlyCount "32"]

1. e4 g6 2. d4 Bg7 3. Nf3 d6 4. Bd3 Nf6 5. O-O O-O 6. c3 c6 7. Re1 Qc7 8. Nbd2
e5 9. a4 Nbd7 10. Nc4 Rb8 11. a5 b5 12. axb6 axb6 13. Bf1 Rd8 14. dxe5 dxe5 15.
Qd6 Qxd6 16. Nxd6 Nc5 1/2-1/2

[Event "Elit(Vasteras-Farsta)"]
[Site "?"]
[Date "2014.01.18"]
[Round "4"]
[White "Janse, Rasmus"]
[Black "Wieweg, Johnny"]
[Result "1-0"]
[WhiteElo "2281"]
[BlackElo "2153"]
[PlyCount "103"]

1. d4 Nf6 2. c4 g6 3. Nc3 Bg7 4. e4 d6 5. f4 c5 6. dxc5 Qa5 7. Bd3 Qxc5 8. Qe2
Nc6 9. Nf3 O-O 10. Be3 Qa5 11. Rc1 Bd7 12. O-O Ng4 13. Bd2 Nd4 14. Qe1 Qc5 15.
Kh1 Qh5 16. Qh4 Qxh4 17. Nxh4 e6 18. h3 Nf6 19. Nb5 Bxb5 20. cxb5 Rfc8 21. Rc3
Nd7 22. Rfc1 Rd8 23. b4 Bf6 24. Be3 e5 25. fxe5 dxe5 26. Nf3 Nxf3 27. gxf3 Nb6
28. Bxb6 axb6 29. R1c2 Bh4 30. a3 Kg7 31. Be2 Be1 32. Rc7 Rxa3 33. Rxb7 Bxb4
34. Rxb6 Rd7 35. Ra6 Rc3 36. Rxc3 Bxc3 37. Rc6 Bd4 38. Bc4 Ra7 39. Kg2 Rb7 40.
Kf1 Kh6 41. Kg2 Kg7 42. Kg3 Be3 43. Rd6 Rc7 44. Rc6 Rb7 45. Kg2 Bd4 46. Kf1 Ra7
47. Ke2 Kh6 48. Rf6 Kg5 49. Rxf7 Rxf7 50. Bxf7 Kf6 51. Bg8 h6 52. Kd3 1-0

[Event "Elit(Upsala-Rockaden,Sthlm)"]
[Site "?"]
[Date "2014.01.18"]
[Round "4"]
[White "Bator, Robert"]
[Black "Johansson, Jan"]
[Result "1-0"]
[WhiteElo "2472"]
[BlackElo "2407"]
[PlyCount "39"]

1. d4 Nf6 2. Nf3 c5 3. d5 d6 4. c4 e5 5. Nc3 e4 6. Ng5 Bf5 7. g4 Bg6 8. Bg2 e3
9. Bxe3 Nxg4 10. Bf4 Nd7 11. Nge4 Nge5 12. Qa4 a6 13. Bxe5 dxe5 14. d6 f5 15.
Nxc5 b5 16. cxb5 Nxc5 17. Bc6+ Nd7 18. bxa6 Ra7 19. Nb5 Qb6 20. Nxa7 1-0